000 00689nam a2200217 i 4500
001 113271
003 ES-MaACL
005 20250824014426.0
007 t|
008 070221s1935 fr ||||1| fre d
080 _a792:929
100 1 _aBethléem, Louis.
_928667
245 1 4 _aLes pièces de théatre
_b: manuel pratique a l'usage des honnêtes gens qui vont au théatre... /
_cLouis Bethleem.
250 _a3eme. ed.
260 _aParis :
_bLa Revue des Lectures,
_c1935.
300 _a508 p. ;
_c18 cm.
500 _aBiblioteca Jacinto Martínez Lacalle.
650 1 4 _aDramaturgos-
_vDiccionarios
_917296
852 _aES-MaACL
_jE-11616
_bR.139654
999 _c113271
_d113271